A Gênese : (Registro n. 8295)
[ somente texto ]
| 000 -LÍDER | |
|---|---|
| campo de controle de tamanho fixo | 01703nam a2200253 a 4500 |
| 001 - NÚMERO DE CONTROLE | |
| campo de controle | BS0003232 |
| 003 - IDENTIFICADOR DO NÚMERO DE CONTROLE | |
| campo de controle | BR-BrBNA |
| 005 - DATA E HORÁRIO DA ÚLTIMA TRANSAÇÃO | |
| campo de controle | 20230418192245.0 |
| 008 - CAMPO DE DADOS FIXOS--INFORMAÇÃO GERAL | |
| campo de controle de tamanho fixo | 230308b |||||||| |||| 00| 0 por d |
| 040 ## - FONTE DA CATALOGAÇÃO | |
| Instituição da catalogação original | BR-BrBNA |
| Idioma da catalogação | por |
| Instituição que transcreveu o registro | Biblioteca Nacional de Agricultura |
| 041 ## - CÓDIGO DE IDIOMA | |
| Código do idioma do texto/trilha sonora ou título diferente | por |
| 072 ## - CÓDIGO DE CATEGORIA DE ASSUNTO | |
| Código de Categoria de Assunto | B59 |
| 090 ## - NÚMERO DE CHAMADA LOCAL | |
| Número de chamada | B59 BS0003232 |
| 100 1# - ENTRADA PRINCIPAL--NOME PESSOAL | |
| Nome pessoal | Kardec, Allan. |
| 245 1# - TÍTULO | |
| Título | A Gênese : |
| Restante do título | Os Milagres e as predições segundo o espiritismo / |
| 250 1# - EDIÇÃO | |
| Edição | 53. ed. |
| 260 3# - PUBLICAÇÃO, DISTRIBUIÇÃO, ETC. | |
| Local de publicação, distribuição, etc. | Araras, SP: |
| Nome do editor, distribuidor, etc. | Instituto de Divisão Espírita, |
| Data da publicação, distribuição, etc. | 2008. |
| 300 ## - DESCRIÇÃO FÍSICA | |
| Extensão | 288 p. |
| 500 ## - NOTA GERAL | |
| Nota geral | Titulo Original : Les Miracles et les Prédictions Selon le Spiritisme. Tradução de Salvador Gentile.<br/> |
| 520 3# - NOTA DE RESUMO, ETC | |
| Resumo, etc. | A criação da Humanidade (corpórea e espiritual)e do mundo material sempre foi, desde a Antiguidade, um tema palpitante e polêmico.<br/>E, nesta obra, Kardec mostra-nos que a Revelação Espírita lança intensa luz sobre essa grande questão.<br/>Dois outros temas interessantes são também analisados: os Milagres e as Predições - no sentido amplo e, em particular, no Evangelho -, tomando-os compreensíveis e naturais ao nosso entendimento.<br/>No capítulo final, Os Tempos são Chegados, o Codificador alerta-nos sobre o difícil período de transição que atravessamos, transmitindo-nos muita esperança e fé.No final desta obra, há um índice Analítico dos Assuntos, reunindo, em ordem alfabética, todos os verbetes que podem interessar aos estudiosos.Allan Kardec, quando redigiu seus livros, escreveu para o povo, em linguagem simples, e, sendo esta uma tradução literal, a linguagem simples original ficou preservada.<br/> |
| 650 ## - ASSUNTO--TERMO TÓPICO | |
| Cabeçalho tópico ou nome geográfico | ESPIRITISMO |
| 909 ## - | |
| -- | 202304 |
| -- | Sergio Santos |
| -- | 56 |
| -- | Sergio Santos |
| 942 ## - ELEMENTOS DE ENTRADA ADICIONADOS (KOHA) | |
| Tipo de material Koha | Livros |
| Situação do descarte | Fonte da classificação ou esquema de arquivamento na estante | Situação física | Não pode ser emprestado | Coleção | Biblioteca de origem | Biblioteca atual | Total de empréstimos | Número de telefone completo | Código de barras | Data de último acesso | Número do exemplar | Tipo de material Koha | Situação das perdas | Data de aquisição | Fonte de aquisição | Qualificador de local codificado |
|---|---|---|---|---|---|---|---|---|---|---|---|---|---|---|---|---|
| Classificação AGRIS | Acervo Cultural | Biblioteca Nacional de Agricultura - Binagri | Biblioteca Nacional de Agricultura - Binagri | B59 BS0003232 | B59 BS0003232 | 12/04/2023 | 01 | Livros | 2023-04-04 | Doação | B59 |

BINAGRI